000 01590cam a2200481 a 4500
001 84642
005 20230410115533.0
008 081118s2009 nyua b 001 0 eng
010 _a 2008050378
035 _a(OCoLC)ocn255890125
040 _aDLC
_cDLC
_dYDX
_dBTCTA
_dYDXCP
_dBWX
_dCDX
_dUKM
015 _aGBA915581
_2bnb
016 7 _a014904170
_2Uk
020 _a9781606230664 (hardcover : alk. paper)
020 _a1606230662 (hardcover : alk. paper)
020 _a9781606230657 (pbk. : alk. paper)
020 _a1606230654 (pbk. : alk. paper)
029 1 _aAU@
_b000043630549
029 1 _aCDX
_b8848994
029 1 _aCDX
_b8848993
029 1 _aNZ1
_b12859676
035 _a(OCoLC)255890125
050 1 4 _aHD75
_b.P43 2009
082 0 0 _a338.9
_221
100 1 _aPeet, Richard.
245 1 0 _aTheories of development :
_bcontentions, arguments, alternatives /
_cRichard Peet, Elaine Hartwick.
250 _a2nd ed.
260 _aNew York :
_bGuilford Press,
_cc2009.
300 _axii, 324 p. :
_bill. ;
_c23 cm.
504 _aIncludes bibliographical references (p. 292-313) and index.
650 0 _aEconomic development.
650 0 _aDependency.
650 0 _aCapitalism.
650 0 _aMarxian economics.
700 1 _aHartwick, Elaine R.
_q(Elaine Rachel),
_d1961-
938 _aBaker and Taylor
_bBTCP
_nBK0007942087
938 _aBlackwell Book Service
_bBBUS
_nR5769231
_c$38.00
938 _aYBP Library Services
_bYANK
_n2929809
938 _aCoutts Information Services
_bCOUT
_n8848993
942 _2lcc
_cbk
946 _arpeƱa
994 _aC0
_bDRFGD
999 _c43154
_d43154